| 000 | 01019nam a2200313 a 4500 | ||
|---|---|---|---|
| 001 | 4429989 | ||
| 003 | NUST - PNEC | ||
| 005 | 20170116181118.0 | ||
| 008 | 940512s1994 ii a b 000 0beng | ||
| 010 | _a 93911673 | ||
| 020 |
_a8172231075 : _cRs295.00 |
||
| 025 | _aI-E-73244 | ||
| 040 |
_aDLC _cLIBRARY |
||
| 042 | _alcode | ||
| 043 | _aa-ii--- | ||
| 050 | 0 | 0 |
_aND1010.H85 _bP36 1993 |
| 082 | 0 | 0 |
_a759.954 PAL _aB _220 |
| 100 | 1 | _aPal, Ila. | |
| 245 | 1 | 0 |
_aBeyond the canvas : _ban unfinished portrait of M.F. Husain / _cIla Pal. |
| 260 |
_aNew Delhi : _bIndus, _c1994. |
||
| 300 |
_a284 p. : _bill. (some col.) ; _c25 cm. |
||
| 504 | _aIncludes bibliographical references (p. 283-284). | ||
| 520 | _aOn the life of M.F. Husain, b. 1915, famous Indian painter. | ||
| 600 | 1 | 0 | _aHusain, Maqbul Fida. |
| 650 | 0 |
_aPainters _zIndia _xGeneral book |
|
| 906 |
_a7 _bcbc _corigode _d3 _encip _f19 _gy-gencatlg |
||
| 942 |
_2ddc _cBK |
||
| 999 |
_c69446 _d69446 |
||